Sports Quiz

Random Sports or MLB Quiz

Inaugural Season Home Run Kings by Stadium Quiz Stats

 Plays Quiz Updated Mar 28, 2019

Score 0/32 Timer 06:00
1 Play Today
Stadium Player (HRs) % Correct
Marlins ParkGiancarlo Stanton (16)
77.2%
Busch Stadium IIAlbert Pujols (24)
75.4%
AT&T ParkBarry Bonds (25)
72.2%
Safeco FieldKen Griffey, Jr (14)
68.3%
New Yankee Stadium Mark Teixeira (24)
60.8%
Minute Maid ParkJeff Bagwell (28)
59.3%
Nationals ParkRonnie Belliard, Elijah Dukes, Lastings Milledge, Ryan Zimmerman (7)
58.7%
Target FieldJim Thome (15)
55.7%
Citizen's Bank ParkJim Thome (19)
55.7%
Oakland A.C. ColiseumReggie Jackson (9)
52.6%
Great American BallparkAdam Dunn (16)
51.6%
U.S. Cellular FieldFrank Thomas (22)
51.5%
Coors FieldDante Bichette (31)
49.3%
Tropicana FieldFred McGriff (14)
44.1%
Rogers CentreFred McGriff (14)
44.1%
Chase FieldJay Bell (13)
39.3%
Stadium Player (HRs) % Correct
Wrigley FieldCy Williams (8)
36.1%
Progressive FieldAlbert Belle (21)
35.2%
Camden YardsBrady Anderson (15)
34.1%
Miller ParkRichie Sexson (28)
31.4%
PNC ParkBrian Giles (18)
30.6%
Dodger StadiumTommy Davis (14)
24.6%
Rangers Ballpark in ArlingtonJose Canseco (15)
23.3%
Turner FieldJavy Lopez (11)
22.1%
PetCo ParkPhil Nevin (12)
16.5%
Citi FieldDaniel Murphy (7)
14.9%
Comerica ParkDean Palmer (15)
12.7%
Fenway ParkTris Speaker (4)
10.4%
Kauffman StadiumJohn Mayberry (14)
8.6%
SunTrust ParkMatt Adams (13)
5.1%
Dolphin StadiumOrestes Destrade (8)
4.4%
Angel StadiumJose Cardenal, Bobby Knoop (9)
0.9%

You're not logged in!

Compare scores with friends on all Sporcle quizzes.
OR
Log In

Sporcle TV

Today on Sporcle TV


Watch our educational content, quiz creation guides, and fun videos on Sporcle TV.

Show Comments

Extras

Top Quizzes Today


Score Distribution

Your Account Isn't Verified!

In order to create a playlist on Sporcle, you need to verify the email address you used during registration. Go to your Sporcle Settings to finish the process.

Report this User

Report this user for behavior that violates our Community Guidelines.

Details: